The Congress ideology and programme, 1920-47; (Record no. 65677)
[ view plain ]
| 000 -LEADER | |
|---|---|
| fixed length control field | 00954cam a22002531 4500 |
| 001 - CONTROL NUMBER | |
| control field | sa 65008288 |
| 003 - CONTROL NUMBER IDENTIFIER | |
| control field | DLC |
| 005 - DATE AND TIME OF LATEST TRANSACTION | |
| control field | 20260227112155.0 |
| 008 - FIXED-LENGTH DATA ELEMENTS--GENERAL INFORMATION | |
| fixed length control field | 891102s1964 ii b 000 0beng |
| 010 ## - LIBRARY OF CONGRESS CONTROL NUMBER | |
| LC control number | sa 65008288 |
| 035 ## - SYSTEM CONTROL NUMBER | |
| System control number | (OCoLC)21007303 |
| 040 ## - CATALOGING SOURCE | |
| Original cataloging agency | DLC |
| Transcribing agency | NAlU |
| Modifying agency | OCoLC |
| -- | DLC |
| 042 ## - AUTHENTICATION CODE | |
| Authentication code | premarc |
| 050 00 - LIBRARY OF CONGRESS CALL NUMBER | |
| Classification number | JQ298.I5 |
| Item number | K3 1964 |
| 100 1# - MAIN ENTRY--PERSONAL NAME | |
| Personal name | Kaushik, P. D. |
| Fuller form of name | (Pitambar Datta), |
| Dates associated with a name | 1937- |
| 245 14 - TITLE STATEMENT | |
| Title | The Congress ideology and programme, 1920-47; |
| Remainder of title | ideological foundations of Indian nationalism during the Gandhian era, |
| Statement of responsibility, etc. | by P. D. Kaushik. |
| 260 ## - PUBLICATION, DISTRIBUTION, ETC. | |
| Place of publication, distribution, etc. | Bombay, |
| -- | New York, |
| Name of publisher, distributor, etc. | Allied Publishers |
| Date of publication, distribution, etc. | [1964] |
| 300 ## - PHYSICAL DESCRIPTION | |
| Extent | ix, 405 p. |
| Dimensions | 23 cm. |
| 500 ## - GENERAL NOTE | |
| General note | "Revised version of ... [the author's] thesis submitted for the degree of Ph. D. ... University of Saugar." |
| 504 ## - BIBLIOGRAPHY, ETC. NOTE | |
| Bibliography, etc. note | Bibliography: p. 383-394. |
| 600 10 - SUBJECT ADDED ENTRY--PERSONAL NAME | |
| Personal name | Gandhi, |
| Titles and other words associated with a name | Mahatma, |
| Dates associated with a name | 1869-1948 |
| 610 20 - SUBJECT ADDED ENTRY--CORPORATE NAME | |
| Corporate name or jurisdiction name as entry element | Indian National Congress. |
| 651 #0 - SUBJECT ADDED ENTRY--GEOGRAPHIC NAME | |
| Geographic name | India |
| General subdivision | Politics and government |
| Chronological subdivision | 1919-1947. |
No items available.